| 000 | 00600nam a22001337a 4500 | ||
|---|---|---|---|
| 040 | _cRUA | ||
| 082 | _aVEM CHH 2015 B525 Or.1 | ||
| 100 | _aCHHUON RATANA; ឈួន រតនា | ||
| 245 | _aSurvey on village animal health worker in chhloung district, kratie provinc; ការអង្កេតទៅលើសេវាកម្មភ្នាក់ងារសុខភាពសត្វភូមិក្នុងស្រុកឆ្លូង ខេត្តក្រចេះ | ||
| 260 |
_aPhnom Penh _bRUA _c2015 |
||
| 300 |
_aix, 35p; _bill; _c29cm; |
||
| 856 | _u CHHUON RATANA | ||
| 942 | _cVEM | ||
| 999 |
_c10605 _d10605 |
||